00516nam a2200193Ia 4500001000900000003000500009005001700014008004100031010001100072040000900083082001300092100002400105245009800129260002900227300001000256400002600266500000700292650002300299dia_2815CHAP20251027153351.0220117s1991 xx 000 0 und d a173315 cCHAP a664.1 H4 aHerly Noa, Silverio aLa Diversificación de la Agroindustria de la Caña de Azúcar /c por Silverio Herly Noa aMéxico, Geplaceac1991 a172P. aSERIE DIVERSIFICACION aD. aCaña de Azúcar